000 02550nam a2200409 c 4500
003 BLK
005 20250725164545.0
008 180410b bul|||||r ||||||| ||bul||
020 _a9789540918792
_qмека подв.
020 _a9789540909141
_qтвърда подв.
020 _a9789540918921
_qфутляр
040 _aBLK
041 _aBUL
_cBUL
080 _aВътрешна политика. Вж и 329
_b323
_z323(497.2)(092)(047.53)
080 _aЦивилизация. Култура. Прогрес. История на културата вж 930.85
_b008
_z008(497.2)(092)(047.53)
080 _aБиографии - България
_b929(497.2)
_z929(497.2)(047.53)
100 1 _aВелева, Валерия Веселинова
_eпърви автор
_9305126
139 _aВелева, Валерия Веселинова
_bВ 38
245 1 0 _aРани от власт
_b50 знакови интервюта с политици и интелектуалци
_cВалерия Веселинова Велева.
250 _a2. прераб. и доп. изд.
257 _aBGR
260 _bЗахарий Стоянов
_bКогнито
_c2025
_aСофия
300 _a664 с.
_bс портр., ил.
_c24 см
380 _a3
500 _aДруги ил.: Иван Донов, Георги Цветков, Антон Станков Възприетата форма на името на ил. Деси Веселинова е Десислава Веселинова 1. изд. 2015 Утешения в бутафорията / Кеворк Кеворкян: с. 7-11 ; Деградацията, израждането на политическата класа ставаше постепенно, но най-лошото предстои / Стефан Цанев ; Стойте изправени. Вазов е нашата мярка за изправено чело / Антон Дончев ; Всички сме грешни, но политиците най-много / Георги Марков с. 655-659
500 _aСамо книгите с твърда подв. са във футляр.
650 0 _aПолитици, български
_9242530
650 0 _aНаучни и културни дейци - България
_9279230
653 _aинтервюта
852 _aЦб 326634
856 4 _qpdf
856 4 _qpdf
942 _cKNG
_n0
_06
944 _cНора Радева
_k30546
_lРенета Константинова
999 _c530389
_d530389
999 _d530389
999 _d530389